| 000 -LEADER |
| fixed length control field |
00721pam a2200217 a 4500 |
| 003 - CONTROL NUMBER IDENTIFIER |
| control field |
OSt |
| 005 - DATE AND TIME OF LATEST TRANSACTION |
| control field |
20200316162306.0 |
| 008 - FIXED-LENGTH DATA ELEMENTS--GENERAL INFORMATION |
| fixed length control field |
990111r19991939nyua 000 0 eng |
| 020 ## - INTERNATIONAL STANDARD BOOK NUMBER |
| International Standard Book Number |
0486404730 (pbk.) |
| 040 ## - CATALOGING SOURCE |
| Original cataloging agency |
DLC |
| Transcribing agency |
DLC |
| Modifying agency |
DLC |
| 082 00 - DEWEY DECIMAL CLASSIFICATION NUMBER |
| Classification number |
742 |
| Edition number |
21 |
| Item number |
NOR |
| 100 1# - MAIN ENTRY--PERSONAL NAME |
| Personal name |
Norling, Ernest R. |
| Fuller form of name |
(Ernest Ralph), |
| Dates associated with a name |
1892- |
| 245 10 - TITLE STATEMENT |
| Title |
Perspective made easy / |
| Statement of responsibility, etc |
Ernest R. Norling. |
| 260 ## - PUBLICATION, DISTRIBUTION, ETC. (IMPRINT) |
| Place of publication, distribution, etc |
Mineola, N.Y. : |
| Name of publisher, distributor, etc |
Dover Publications, |
| Date of publication, distribution, etc |
1999. |
| 300 ## - PHYSICAL DESCRIPTION |
| Extent |
xii, 203 p. : |
| Other physical details |
ill. ; |
| Dimensions |
22 cm. |
| 500 ## - GENERAL NOTE |
| General note |
Originally published: New York : Macmillian, 1939. |
| 650 #0 - SUBJECT ADDED ENTRY--TOPICAL TERM |
| Topical term or geographic name as entry element |
Perspective. |
| 650 #0 - SUBJECT ADDED ENTRY--TOPICAL TERM |
| Topical term or geographic name as entry element |
Drawing |
| General subdivision |
Technique. |
| 856 42 - ELECTRONIC LOCATION AND ACCESS |
| Materials specified |
Publisher description |
| Uniform Resource Identifier |
<a href="http://www.loc.gov/catdir/description/dover033/99010310.html">http://www.loc.gov/catdir/description/dover033/99010310.html</a> |
| 942 ## - ADDED ENTRY ELEMENTS (KOHA) |
| Source of classification or shelving scheme |
|